000 00846nam a2200253Ia 4500
003 OSt
005 20220918170228.0
006 a|||||r|||| 00| 0
007 ta
008 220917b |||||||| |||| 00| 0 eng d
020 _a978 90 272 3258 8 (hbk)
_c7537.19
024 _a240,077
037 _b8782, 30/07/2009, Elite Publishers Distributors
_cTextual
040 _aARTS
_cARTS
_beng
041 _2eng
_aeng
082 _aP:33:f, P9
100 _aRenkema Jan Ed.
_927809
245 0 _aDiscourse, of course
_b An overview of research in discourse studies
260 _aAmsterdam
_bJohn Benjamins Publishing Company The Netherlands
_c2009
300 _avii, 393p.
_ccm.
650 _aLINGUISTICS
942 _hP:33:f, P9
_cTEXL
_2CC
999 _c133198
_d133198